000 00376nam a2200169Ia 4500
005 20240823005317.0
008 240823s9999||||xx |||||||||||||| ||und||
082 _A539 N4
100 _aVasudeva A S
245 0 _aModern Physics
250 _a2nd
260 _c1994
_b"S K kataria,Delhi"
500 _aYES
650 _aPhysics
_bPhysics
942 _cBK
999 _c155361
_d155361